000
00295nam a22001337a 4500
008
171030b xxu||||| |||| 00| 0 eng d
020
_a
9780891061106
041
_a
eng
080
_a
33
100
_a
58
101
_a
BUS
245
_a
THE MEMBERSHIP ORGANIZATION
_c
JANE.G
942
_2
udc
_c
BK
999
_c
36552
_d
36552